LEADER 01263nam2-2200409---450- 001 990003078160203316 005 20080310171316.0 010 $a978-88-04-47410-4 035 $a000307816 035 $aUSA01000307816 035 $a(ALEPH)000307816USA01 035 $a000307816 100 $a20080310d2007----km-y0itay50------ba 101 $aita 102 $aIT 105 $a||||||||001yy 200 1 $a<<2.>> : Cantata dei giorni pari. 1$fEduardo De Filippo$gedizione critica e commentata a cura di Nicola De Blasi e Paola Quarenghi 210 $aMilano$cA. Mondadori$d2007 215 $aCI, 1626 p.$d18 cm. 225 2 $a<> meridiani 300 $aIn custodia 410 0$1001000287076$a<> meridiani 454 1$12001 461 1$1001000303847$12001$aTeatro 676 $a852.914 700 1$aDE FILIPPO,$bEduardo$0167993 702 1$aDE BLASI,$bNicola$f<1955- > 702 1$aQUARENGHI,$bPaola 801 0$aIT$bsalbc$gISBD 912 $a990003078160203316 951 $aVI.3. Coll. 12/ 95/2$b204216 L.M.$cVI.3. Coll.$d00066654 959 $aBK 969 $aUMA 979 $aSENATORE$b90$c20080310$lUSA01$h1712 979 $aSENATORE$b90$c20080310$lUSA01$h1713 996 $aCantata dei giorni pari. 1$91023823 997 $aUNISA LEADER 02625nas 2200421 n 450 001 990008892570403321 005 20240229084445.0 011 $a0255-8610 035 $a000889257 035 $aFED01000889257 035 $a(Aleph)000889257FED01 035 $a000889257 091 $2CNR$aP 00000048 100 $a20090724b19581961km-y0itaa50------ba 101 0 $arum 110 $aauu-------- 200 1 $aAnalele Institutului de Cercetari Agronomice al Academia Republici Populare Romine. Seria C: Fiziologie, genetica, ameliorare, protectia plantelor si tehnologie agricola 207 1$a1958-1961 210 $aBucuresti$c[s.n.] 440 0$1001000889262$12001$aAnalele Institutului de Cercetari pentru Cereale si Plante Tehnice Fundulea. Seria C, Ameliorare, genetica, fiziologie si tehnologie agricola 443 0$1001000889254$12001$aAnalele Institutului de Cercetari Agronomice al Academia Republici Populare Romine 530 0 $aAnalele Institutului de Cercetari Agronomice al Academia Republici Populare Romine. Seria C: Fiziologie, genetica, ameliorare, protectia plantelor si tehnologie agricola 675 $a63 675 $a581.2 712 02$aAcademia Republicii Populare Romine$bInstitutul de Cercetari Agronomice 801 0$aIT$bACNP$c20090723 859 4 $uhttp://acnp.cib.unibo.it/cgi-ser/start/it/cnr/dc-p1.tcl?catno=29&person=false&language=ITALIANO&libr=&libr_th=unina1$zBiblioteche che possiedono il periodico 901 $aSE 912 $a990008892570403321 958 $aBiblioteca Centralizzata. Facoltà di Agraria dell'Università Federico II di Napoli$b1959;$fFAGBC 958 $aBiblioteca del Dipartimento di Entomologia e Zoologia Agraria dell'Università degli Studi di Napoli Federico II$b1958-1959;$fDAGEN 959 $aFAGBC 959 $aDAGEN 996 $aAnalele Institutului de Cercetari Agronomice al Academia Republici Populare Romine. Seria C: Fiziologie, genetica, ameliorare, protectia plantelor si tehnologie agricola$9801564 997 $aUNINA AP1 8 $6866-01$aNA087 Biblioteca Centralizzata. Facoltà di Agraria dell'Università Federico II di Napoli$ev. Università, 100 Palazzo Reale, 80055 Portici (NA)$m081-2539322$m081-7760229$nit AP1 8 $6866-02$aNA219 Biblioteca del Dipartimento di Entomologia e Zoologia Agraria dell'Università degli Studi di Napoli Federico II$eVia Università, 100, 80055 Portici (NA)$m0812539188$m0817755145$nit AP2 40$aacnp.cib.unibo.it$nACNP Italian Union Catalogue of Serials$uhttp://acnp.cib.unibo.it/cgi-ser/start/it/cnr/df-p.tcl?catno=29&language=ITALIANO&libr=&person=&B=1&libr_th=unina&proposto=NO